000 01152nam a22003497a 4500
001 662
005 20230829104720.0
020 _a1856975495
040 _aDLC
_cDLC
_dDLC
_beng
050 0 0 _aGC21.5
_b.G34 1995
082 0 0 _a551.46
_220
100 1 _aGaneri, Anita,
_d1961-
245 1 0 _aI wonder why the sea is salty and other questions about the ocean /
_cAnita Ganeri.
260 _aNew York :
_bKingfisher,
_c1995.
300 _a32 pages :
_bcolor illustrations ;
_c28 cm.
490 1 _aI wonder why
500 _aIncludes index.
505 _aZ
520 _aIn a question and answer format addresses questions about the oceans and marine life.
521 _a900
_bLexile
521 _aQ
_bRaz-Plus
650 0 _aOcean
_xJuvenile literature.
650 0 _aMarine ecology
_xJuvenile literature.
650 0 _aMarine animals
_xJuvenile literature.
650 1 _aOcean
_xMiscellanea.
650 1 _aMarine ecology
_xMiscellanea.
650 1 _aEcology
_xMiscellanea.
650 1 _aMarine animals
_xMiscellanea.
650 1 _aQuestions and answers.
906 _a7
_bcbc
_corignew
_d1
_eocip
_f19
_gy-gencatlg
942 _2ddc
_cBK
_n0
999 _c662
_d662